| 000 | 01130cam a2200217 4500 | ||
|---|---|---|---|
| 001 | WB3804-03 | ||
| 008 | 020128n2002 000 0 eng u | ||
| 035 | _a(Sirsi) u116514 | ||
| 245 | _aCrisis in skills puts heritage at risk | ||
| 260 | _c2002 | ||
| 490 |
_aHeritage Lottery Fund News Release _v 25 January 2002 (4) |
||
| 520 | _aA study "Sustaining our Living Heritage" published by the Heritage Lottery Fund (HLF) reveals that a severe national skills shortage is putting the future of the UK's landscapes, habitats and historic buildings at risk. Traditional skills such as thatching to stone masonary are dwindling, due to poor investment, lack of apprentices and such skills being undervalued. Includes case studies. Heritage Lottery Fund News Release: http://www.hlf.org.uk/cgi-bin/hlfframemast.pl?K=11606&S=EI&T=NEWSTEXTAREA | ||
| 590 | _aWB | ||
| 650 | _aNATIONAL HERITAGE | ||
| 650 | _aTRADITIONAL SKILLS | ||
| 650 | _aHISTORIC BUILDINGS | ||
| 650 | _aHERITAGE LOTTERY FUND | ||
| 650 | _aLANDSCAPES | ||
| 690 | _aBUILT ENVIRONMENT-BUILDING MAINTENANCE AND REFURBISHMENT-BUILDING CONSERVATION | ||
| 942 | _n0 | ||
| 999 |
_c69378 _d69378 |
||